00360nam a2200109Ia 4500008004100000245011800041260004800159260000900207300000900216500000900225650001600234170224s9999 xx 000 0 und d aPsychophysiological detection of concealed information shared by groups: An empirical study of the searching CIT. bJournal of Experimental Psychology: Applied c2014 a20:2 aJune xPsychology.